[Event "Seefeld op"]
[Site "Seefeld"]
[Date "1996.??.??"]
[Round "?"]
[White "Farago, Ivan"]
[Black "Goldstern, Flip"]
[Result "1/2-1/2"]
[WhiteElo "2515"]
[BlackElo "2340"]
[PlyCount "75"]
[EventDate "1996.??.??"]
[Source "www.chesslib.no"]
[SourceDate "2004.05.04"]

1. d4 Nf6 2. c4 e6 3. Nf3 c5 4. d5 exd5 5. cxd5 g6 6. Nc3 Bg7 7. e4 O-O 8. Be2 d6 9. Nd2 Re8 10. O-O Nbd7 11. a4 a6 12. f4 c4 13. Kh1 Nc5 14. e5 dxe5 15. fxe5 Rxe5 16. Nxc4 Rf5 17. Bf4 Nfe4 18. Nxe4 Nxe4 19. Qc2 Nf6 20. Ne3 Nxd5 21. Qd2 Rxf4 22. Rxf4 Be6 23. Nxd5 Bxd5 24. Qe1 Bxb2 25. Rd1 Qg5 26. Qg3 Qxg3 27. hxg3 Be6 28. Bf3 Be5 29. Bxb7 Rb8 30. Re4 Bxg3 31. Bxa6 Rb2 32. Re3 Bf4 33. Ra3 Bb3 34. Re1 Bd6 35. Raa1 Bd5 36. Be2 Rb4 37. Kg1 Bc5+ 38. Kf1 1/2-1/2

[Event "Biel MTO"]
[Site "Biel"]
[Date "1999.07.26"]
[Round "7"]
[White "Cebalo, Miso"]
[Black "Jenni, Florian"]
[Result "1-0"]
[WhiteElo "2453"]
[BlackElo "2399"]
[PlyCount "71"]
[EventDate "1999.07.??"]
[Source "www.chesslib.no"]
[SourceDate "2004.05.04"]

1. d4 Nf6 2. c4 g6 3. Nc3 Bg7 4. e4 O-O 5. f4 d6 6. Nf3 c5 7. d5 e6 8. Be2 exd5 9. cxd5 Re8 10. e5 dxe5 11. fxe5 Ng4 12. Bg5 f6 13. exf6 Bxf6 14. Qd2 Bxg5 15. Qxg5 Qxg5 16. Nxg5 Ne3 17. Kf2 Ng4+ 18. Kg3 Nf6 19. Bf3 Bf5 20. Nb5 Na6 21. Nd6 Red8 22. Nxf5 gxf5 23. Rad1 Nb4 24. d6 Rd7 25. Rhe1 Re8 26. Re6 Rxe6 27. Nxe6 b6 28. Kf4 Ne4 29. Bxe4 fxe4 30. Kxe4 Kf7 31. Nc7 c4 32. Rf1+ Kg6 33. Ke5 Nd3+ 34. Ke6 Nc5+ 35. Kd5 Nb7 36. Nb5 1-0

[Event "Sudak"]
[Site "Sudak"]
[Date "2002.08.05"]
[Round "5"]
[White "Ushenina, Anna"]
[Black "Kuzmin, Gennadi P"]
[Result "0-1"]
[WhiteElo "2339"]
[BlackElo "2512"]
[PlyCount "86"]
[EventDate "2002.08.02"]
[Source "ChessBase"]
[SourceDate "2002.09.11"]

1. d4 Nf6 2. c4 e6 3. Nc3 c5 4. d5 exd5 5. cxd5 d6 6. Nf3 g6 7. Nd2 Nbd7 8. e4 Bg7 9. f4 O-O 10. Be2 Re8 11. O-O c4 12. Bxc4 Nc5 13. Qc2 Ng4 14. Nf3 Bxc3 15. Qxc3 Nxe4 16. Qd4 Nh6 17. Bd3 Nf5 18. Qb4 a5 19. Qb3 Nc5 20. Qc3 Ne3 21. Bb5 Nxf1 22. Bxe8 Qxe8 23. Kxf1 Bg4 24. b3 Qb5+ 25. Kg1 Qd3 26. Qxd3 Nxd3 27. Nd4 Re8 28. Bd2 Re4 29. Nb5 Re2 30. Bxa5 Nxf4 31. Rf1 Rxg2+ 32. Kh1 Rxa2 33. Rxf4 Rxa5 34. Nxd6 Rxd5 35. Nxb7 Bh3 36. Kg1 Rb5 37. Rf3 Be6 38. Nd6 Rb4 39. Ne8 Bxb3 40. Nf6+ Kg7 41. Ne8+ Kf8 42. Nf6 h5 43. Nd7+ Kg7 0-1

[Event "BUL-FRA m"]
[Site "Sofia BUL"]
[Date "1990.??.??"]
[Round "1"]
[White "Semkov, Semko"]
[Black "Apicella, Manuel"]
[Result "1-0"]
[WhiteElo "2460"]
[BlackElo "2390"]
[PlyCount "61"]
[EventDate "1990.??.??"]
[Source "www.chesslib.no"]
[SourceDate "2004.05.04"]

1. d4 Nf6 2. c4 d6 3. Nc3 g6 4. e4 Bg7 5. f4 O-O 6. Nf3 c5 7. d5 e6 8. Be2 exd5 9. cxd5 Re8 10. e5 dxe5 11. fxe5 Ng4 12. Bg5 Qb6 13. O-O Bf5 14. Na4 Qa5 15. Nh4 Nxe5 16. Nxf5 gxf5 17. Rxf5 Nbd7 18. Nc3 c4 19. Qd2 b5 20. Raf1 Rab8 21. Bh5 b4 22. Nd1 c3 23. bxc3 bxc3 24. Qxc3 Qxa2 25. Qg3 Ng6 26. Rxf7 Qxd5 27. Ne3 Bd4 28. Rxh7 Ndf8 29. Bxg6 Nxg6 30. Rh6 Qxg5 31. Rxg6+ 1-0

[Event "Budapest HUN"]
[Site "?"]
[Date "2005.05.16"]
[Round "10"]
[White "Berczes David"]
[Black "Koneru Humpy"]
[Result "1-0"]
[WhiteElo "2342"]
[BlackElo "2508"]
[PlyCount "75"]
[EventDate "2005.??.??"]
[Source "www.chesslib.no"]
[SourceDate "2004.05.04"]

1. d4 Nf6 2. Nf3 e6 3. c4 c5 4. d5 exd5 5. cxd5 d6 6. Nc3 g6 7. Nd2 Bg7 8. e4 O-O 9. Be2 a6 10. a4 Re8 11. O-O Nbd7 12. f4 Rb8 13. Kh1 Qe7 14. Qc2 h5 15. h3 b6 16. Rb1 h4 17. b3 b5 18. Bf3 Nh7 19. Bb2 g5 20. e5 dxe5 21. Be4 Nhf8 22. fxg5 Qxg5 23. Bf5 Nf6 24. Bxc8 Rbxc8 25. Rf5 Qh6 26. Rbf1 b4 27. Nce4 Nxd5 28. Nc4 Rcd8 29. Rxf7 Rd7 30. Rxd7 Nxd7 31. Ned6 Rf8 32. Rxf8+ Nxf8 33. Nf5 Qh7 34. Qe4 Nc3 35. Bxc3 bxc3 36. Ncd6 Qh5 37. Ne7+ Kh8 38. Qd5 1-0

[Event "NRW-Liga II 9495"]
[Site "GER"]
[Date "1995.??.??"]
[Round "?"]
[White "Schoen, Wolfram"]
[Black "Safin, Shukhrat"]
[Result "0-1"]
[WhiteElo "2390"]
[BlackElo "2445"]
[PlyCount "52"]
[EventDate "1994.??.??"]
[Source "www.chesslib.no"]
[SourceDate "2004.05.04"]

1. d4 Nf6 2. c4 g6 3. Nc3 Bg7 4. e4 d6 5. f4 O-O 6. Nf3 c5 7. d5 e6 8. Be2 exd5 9. cxd5 Re8 10. e5 dxe5 11. fxe5 Ng4 12. Bg5 Qb6 13. O-O Nxe5 14. d6 Bf5 15. Nd5 Qxb2 16. Ne7+ Rxe7 17. dxe7 Nbc6 18. Rc1 Re8 19. Kh1 h6 20. Bh4 Ng4 21. Re1 Rxe7 22. Rxc5 Bf6 23. Bxf6 Qxf6 24. Kg1 Be4 25. h3 Qf4 26. Qc1 Qg3 0-1

[Event "Ceske Budejovice Open"]
[Site "Ceske Budejovice CZE"]
[Date "1995.??.??"]
[Round "9"]
[White "Meduna, Eduard"]
[Black "Poloch, Petr"]
[Result "1/2-1/2"]
[WhiteElo "2480"]
[BlackElo "2355"]
[PlyCount "73"]
[EventDate "1995.??.??"]
[Source "www.chesslib.no"]
[SourceDate "2004.05.04"]

1. d4 Nf6 2. c4 e6 3. Nf3 c5 4. d5 exd5 5. cxd5 d6 6. Nc3 g6 7. Nd2 Nbd7 8. e4 Bg7 9. Be2 O-O 10. O-O Re8 11. f4 c4 12. Kh1 Nc5 13. e5 dxe5 14. Nxc4 exf4 15. Bxf4 Nce4 16. Bf3 Nxc3 17. bxc3 Ne4 18. Qb3 b6 19. Bxe4 Rxe4 20. Nd2 Re8 21. Rae1 Bf5 22. c4 Qd7 23. Nf3 Rxe1 24. Rxe1 Re8 25. Be5 Bg4 26. Bxg7 Bxf3 27. Be5 Qf5 28. Qc3 Be4 29. Bg3 Qg5 30. d6 Bc6 31. Rxe8+ Bxe8 32. h3 Bc6 33. Kh2 Qf5 34. Be5 f6 35. Bg3 Kf7 36. Qe3 Qe4 37. Qxe4 1/2-1/2

[Event "Toronto 88/38"]
[Site "?"]
[Date "2003.??.??"]
[Round "?"]
[White "Arencibia, W."]
[Black "Peredun, A."]
[Result "1-0"]
[WhiteElo "2522"]
[BlackElo "2306"]
[PlyCount "63"]
[EventDate "2003.??.??"]
[Source "Chess Informant"]
[SourceDate "2003.06.01"]

1. d4 Nf6 2. c4 g6 3. Nc3 Bg7 4. e4 d6 5. f4 O-O 6. Nf3 c5 7. d5 e6 8. Be2 exd5 9. cxd5 Re8 10. e5 dxe5 11. fxe5 Ng4 12. e6 fxe6 13. d6 Nc6 14. O-O Nd4 15. Ne4 Nf6 16. Bg5 Nxe4 17. Bxd8 Rxd8 18. Qe1 Nxd6 19. Rd1 Bd7 20. Bd3 Nxf3+ 21. Rxf3 Bd4+ 22. Kh1 Re8 23. Bxg6 Re7 24. Bxh7+ Rxh7 25. Qg3+ Rg7 26. Qxd6 Re8 27. Rg3 Bc6 28. b4 e5 29. Rxg7+ Kxg7 30. Rf1 e4 31. Rf5 e3 32. Qg3+ 1-0

[Event "2nd IECC, Ohrid MKD"]
[Site "?"]
[Date "2001.??.??"]
[Round "1"]
[White "Thorfinnsson, Br"]
[Black "Reinderman, D."]
[Result "1/2-1/2"]
[WhiteElo "2290"]
[BlackElo "2535"]
[PlyCount "90"]
[EventDate "2001.??.??"]
[Source "www.chesslib.no"]
[SourceDate "2004.05.04"]

1. d4 Nf6 2. c4 g6 3. Nc3 Bg7 4. e4 d6 5. f4 O-O 6. Nf3 c5 7. d5 e6 8. Be2 exd5 9. cxd5 Nbd7 10. O-O Re8 11. Nd2 a6 12. a4 Rb8 13. Re1 Nb6 14. Bf3 h5 15. h3 Qc7 16. a5 Nbd7 17. Nc4 b5 18. axb6 Nxb6 19. Na5 Bd7 20. Be3 Nc8 21. Qd2 Rb4 22. Bf2 Nh7 23. Nc6 Bxc6 24. dxc6 Nb6 25. Nd5 Nxd5 26. exd5 Rxe1+ 27. Qxe1 a5 28. Qe8+ Nf8 29. Qa8 Rxb2 30. Qxa5 Qb8 31. Ra2 Bd4 32. Bxd4 cxd4 33. Qa7 Qb3 34. Rxb2 Qxb2 35. Qe7 d3 36. Qxd6 d2 37. c7 Qc1+ 38. Kh2 h4 39. f5 gxf5 40. Qd8 d1=Q 41. Bxd1 Qf4+ 42. Kg1 Qd4+ 43. Kh2 Qe5+ 44. Kg1 Qe1+ 45. Kh2 Qg3+ 1/2-1/2

[Event "Havana-A"]
[Site "Havana"]
[Date "1985.??.??"]
[Round "?"]
[White "Huerta, Ramon"]
[Black "Andres Mendez, Miguel"]
[Result "1/2-1/2"]
[WhiteElo "2440"]
[BlackElo "2385"]
[PlyCount "39"]
[EventDate "1985.??.??"]
[Source "www.chesslib.no"]
[SourceDate "2004.05.04"]

1. d4 Nf6 2. c4 c5 3. d5 g6 4. Nc3 Bg7 5. e4 O-O 6. f4 d6 7. Nf3 e6 8. Be2 exd5 9. cxd5 Nbd7 10. O-O Re8 11. Nd2 c4 12. e5 dxe5 13. Nxc4 Nb6 14. fxe5 Ng4 15. Nd6 Bxe5 16. Nxe8 Qh4 17. h3 Qg3 18. Bxg4 Qh2+ 19. Kf2 Qg3+ 20. Kg1 1/2-1/2

[Event "Circuito Nacional 2003 1/4 final"]
[Site "Vicente Lopez"]
[Date "2004.??.??"]
[Round "1"]
[White "Lafuente, Pablo"]
[Black "Paglilla, Carlos"]
[Result "1/2-1/2"]
[WhiteElo "2433"]
[BlackElo "2390"]
[PlyCount "144"]
[EventDate "2004.08.03"]
[Source "Roberto Alvarez"]
[SourceDate "2004.08.17"]

1. d4 Nf6 2. c4 c5 3. d5 g6 4. Nc3 Bg7 5. e4 O-O 6. Nf3 e6 7. Be2 exd5 8. cxd5 d6 9. O-O a6 10. a4 Re8 11. Nd2 Nbd7 12. Kh1 Rb8 13. f4 b6 14. Qc2 Nf8 15. Nc4 Bg4 16. Bd3 Nh5 17. Qf2 b5 18. axb5 axb5 19. Na5 Bd4 20. Be3 Bxe3 21. Qxe3 Bd7 22. Nc6 Bxc6 23. dxc6 c4 24. Nd5 Rc8 25. Be2 Nf6 26. c7 Rxc7 27. Nxc7 Rxe4 28. Qd2 Qxc7 29. Bf3 Re7 30. Qd4 Kg7 31. Ra6 Ne6 32. Qxd6 Qxd6 33. Rxd6 Nxf4 34. Rb6 Re5 35. Bc6 Re6 36. Rxb5 Rxc6 37. Rxf4 c3 38. bxc3 Rxc3 39. Rf1 Rc7 40. Rfb1 h5 41. Rb7 Rxb7 42. Rxb7 Ng8 43. Kg1 Nh6 44. Kf2 Nf5 45. Kf3 Nd6 46. Rd7 Nf5 47. Kf4 Kf6 48. Rd5 Nh6 49. Ra5 Nf5 50. Ra6+ Kg7 51. Rb6 Nh6 52. Rb5 Kf6 53. g3 Nf5 54. Ra5 Nh6 55. Ra6+ Kg7 56. Rb6 Ng4 57. Rb2 Nh6 58. h3 Nf5 59. Rb5 Kf6 60. Ra5 Nh6 61. Ra6+ Kg7 62. Ke5 Nf5 63. Ra3 Nh6 64. Rf3 Ng8 65. Rf4 Nh6 66. Rf3 Ng8 67. Rf4 Nh6 68. g4 hxg4 69. hxg4 f5 70. gxf5 Nxf5 71. Ke6 Nh6 72. Rc4 g5 1/2-1/2

[Event "Corr"]
[Site "?"]
[Date "2000.??.??"]
[Round "?"]
[White "Cranbourne Carlos Leon"]
[Black "Bulgarini Torres Marco"]
[Result "1/2-1/2"]
[WhiteElo "2448"]
[BlackElo "2373"]
[PlyCount "50"]
[EventDate "2000.??.??"]
[Source "www.chesslib.no"]
[SourceDate "2004.05.04"]

1. d4 Nf6 2. c4 e6 3. Nc3 c5 4. d5 exd5 5. cxd5 d6 6. e4 g6 7. f4 Bg7 8. Nf3 O-O 9. Be2 Re8 10. e5 dxe5 11. fxe5 Ng4 12. Bg5 Qb6 13. O-O c4+ 14. Kh1 Qxb2 15. Ne4 Nxe5 16. Rc1 Nxf3 17. Bxf3 Qb6 18. Rxc4 Bf5 19. g4 Bxe4 20. Bxe4 Qb5 21. Qd3 Nd7 22. Rc7 Qa4 23. Bg2 Qxg4 24. Qg3 Qxg3 25. hxg3 Re5 1/2-1/2

[Event "Krasnodar"]
[Site "Krasnodar"]
[Date "1980.??.??"]
[Round "?"]
[White "Gorelov, Sergey G"]
[Black "Shashin, Alexsander A"]
[Result "1-0"]
[WhiteElo "2395"]
[BlackElo "2425"]
[PlyCount "61"]
[EventDate "1980.??.??"]
[Source "www.chesslib.no"]
[SourceDate "2004.05.04"]

1. d4 Nf6 2. c4 g6 3. Nc3 Bg7 4. e4 d6 5. f4 O-O 6. Nf3 c5 7. d5 e6 8. Be2 exd5 9. cxd5 Re8 10. e5 dxe5 11. fxe5 Ng4 12. Bg5 Qb6 13. O-O Nxe5 14. d6 c4+ 15. Kh1 Nd3 16. Bxd3 cxd3 17. Qxd3 Bf5 18. Qd2 Nd7 19. Rad1 Rab8 20. Bh6 Bh8 21. Qf4 Bxc3 22. bxc3 Re4 23. Qd2 Rbe8 24. Ng5 Re3 25. h3 Qc6 26. Rde1 R3e5 27. Rxe5 Rxe5 28. Nf3 Re4 29. Nd4 Qxd6 30. Rxf5 f6 31. Rf1 1-0

[Event "Condom"]
[Site "?"]
[Date "2006.07.14"]
[Round "8"]
[White "Colin Vincent"]
[Black "Simon Olivier"]
[Result "1-0"]
[WhiteElo "2415"]
[BlackElo "2403"]
[PlyCount "81"]
[EventDate "2006.??.??"]
[Source "www.chesslib.no"]
[SourceDate "2004.05.04"]

1. d4 Nf6 2. c4 g6 3. Nc3 Bg7 4. e4 d6 5. f4 c5 6. d5 O-O 7. Nf3 e6 8. Be2 exd5 9. cxd5 Re8 10. Nd2 Na6 11. O-O Rb8 12. Re1 Nc7 13. a4 a6 14. a5 Bd7 15. Bf3 Bb5 16. Ndb1 Nd7 17. Be3 b6 18. Qd2 bxa5 19. Rxa5 Bc4 20. Bf2 Rb4 21. Ra4 Qb8 22. Rxb4 Qxb4 23. Na3 Rb8 24. Nxc4 Qxc4 25. Re2 Nb5 26. Nxb5 Qxb5 27. e5 dxe5 28. d6 e4 29. Bxe4 Bxb2 30. Bd5 Bc3 31. Bxf7+ Kf8 32. Qxc3 Qxe2 33. Bb3 Rxb3 34. Qh8+ Kf7 35. Qxh7+ Kf8 36. Qh8+ Kf7 37. Qh7+ Kf6 38. Bh4+ Kf5 39. Qxd7+ Kxf4 40. Qf7+ Kg4 41. Qxb3 1-0

[Event "TCh-AUT 1st Bundesliga 2007-8"]
[Site "Jenbach AUT"]
[Date "2008.01.13"]
[Round "7"]
[White "Kantorik, M."]
[Black "Weiss, C."]
[Result "1/2-1/2"]
[WhiteElo "2368"]
[BlackElo "2449"]
[PlyCount "80"]
[EventDate "2008.01.10"]
[Source "www.chesslib.no"]
[SourceDate "2004.05.04"]

1. c4 Nf6 2. Nc3 g6 3. d4 Bg7 4. e4 d6 5. f4 O-O 6. Nf3 c5 7. d5 e6 8. Be2 exd5 9. cxd5 Re8 10. e5 Nfd7 11. exd6 a6 12. O-O Nf6 13. a4 Bg4 14. Ne5 Bxe2 15. Qxe2 Qxd6 16. Qf3 Nbd7 17. Nc4 Qb8 18. f5 Ne5 19. Nxe5 Qxe5 20. Bg5 Qxf5 21. Qxf5 gxf5 22. Rxf5 Nd7 23. Raf1 Bd4+ 24. Kh1 f6 25. Bh6 Rad8 26. g4 Ne5 27. h3 Nf7 28. Bf4 Nd6 29. Bxd6 Rxd6 30. g5 Kf7 31. a5 Kg7 32. Na4 fxg5 33. Rxg5+ Rg6 34. Rxg6+ hxg6 35. b3 Rd8 36. Re1 Kf7 37. Rf1+ Kg7 38. Re1 Bc3 39. Nb6 Kf7 40. Na4 Bd4 1/2-1/2

[Event "Corr"]
[Site "?"]
[Date "1996.04.15"]
[Round "?"]
[White "Baumgartner Ulrich (SUI)"]
[Black "Cuno Thomas (GER)"]
[Result "0-1"]
[WhiteElo "2380"]
[BlackElo "2435"]
[PlyCount "64"]
[EventDate "1996.??.??"]
[Source "www.chesslib.no"]
[SourceDate "2004.05.04"]

1. c4 Nf6 2. Nc3 g6 3. e4 d6 4. d4 Bg7 5. f4 O-O 6. Nf3 c5 7. d5 e6 8. Be2 exd5 9. cxd5 Re8 10. e5 dxe5 11. fxe5 Ng4 12. Bg5 Qb6 13. O-O Nxe5 14. Nxe5 Bxe5 15. Bc4 Bf5 16. Nb5 a6 17. d6 axb5 18. Bxf7+ Kxf7 19. Rxf5+ gxf5 20. Qh5+ Kf8 21. Qxh7 Qxd6 22. Bh6+ Qxh6 23. Qxh6+ Ke7 24. Qb6 Nd7 25. Qxb5 b6 26. a3 Kd6 27. Kf1 Bd4 28. Rd1 Re4 29. Rd2 Rae8 30. g3 Re1+ 31. Kg2 Rg1+ 32. Kf3 Re4 0-1